000 00470cam a2200145 4500500
005 20251012003913.0
041 _afre
042 _adc
100 1 0 _aGamblin, Guillaume
_eauthor
245 0 0 _a“La désobéissance civile est l’arme lourde de la non-violence”
260 _c2020.
500 _a14
786 0 _nSilence | 486 | 2 | 2020-02-02 | p. 5-8 | 0756-2640
856 4 1 _uhttps://shs.cairn.info/revue-silence-2020-2-page-5?lang=fr&redirect-ssocas=7080
999 _c1513526
_d1513526